00848nam a2200181 i 4500001000700000003000900007005001700016008004100033040002000074100003300094245024500127260009600372300002800468505004600496651002300542700002100565852008000586161105ES-MaACL20250808063155.0960809q19011950sp a |||| | spa d aCLM bspa cCLM1 aOrtiz de la Puebla, Vicente.10aHistoria general de Francia desde la más remota antig edad hasta nuestros días b: tomo primero / credactada ... por Vicente Ortiz de la Puebla ; adórnanla unos 2000 dibujos ... debidos al lápiz de eminentes artistas como Dore ... aBarcelona : bEmpresa editorial "La Enciclopedia Ilustrada", c[s.a] (fImp. de Luis Tasso) a1 v. : bil. ; c27 cm.8 aContiene: T.I.- p. 9-591 ; T.II.- p.1-152 4aFrancia-xHistoria0 aDoré, Gustave. aES-MaACLjC-2020 z-- Enc. hol. z-- Legado M. de la Fuente q-- Sólo t.I